|
|
|
|
| LEADER |
00000nam0a2200000 4500 |
| 001 |
211877 |
| 005 |
20231101225720.0 |
| 035 |
|
|
|a (RuTPU)RU\TPU\book\231480
|
| 090 |
|
|
|a 211877
|
| 100 |
|
|
|a 20120321d1960 k y0rusy50 ca
|
| 101 |
0 |
|
|a rus
|
| 102 |
|
|
|a UA
|
| 105 |
|
|
|a a z 001zy
|
| 200 |
1 |
|
|a Гранито-гнейсы
|e [сборник]
|f Международный геологический конгресс ; отв. ред. Н. П. Семененко
|
| 210 |
|
|
|a Киев
|c Изд-во АН УССР
|d 1960
|
| 215 |
|
|
|a 174 с.
|c ил.
|
| 225 |
1 |
|
|a Доклады советских геологов. Проблема 14
|
| 320 |
|
|
|a Библиогр. в конце докл.
|
| 606 |
1 |
|
|a Граниты
|x Происхождение
|2 stltpush
|3 (RuTPU)RU\TPU\subj\8552
|9 35943
|
| 606 |
1 |
|
|a Гнейсы
|2 stltpush
|3 (RuTPU)RU\TPU\subj\7381
|9 35055
|
| 610 |
1 |
|
|a метаморфизм
|
| 610 |
1 |
|
|a магматические образования
|
| 610 |
1 |
|
|a парагенетический анализ
|
| 610 |
1 |
|
|a скарнообразование
|
| 610 |
1 |
|
|a грейзенизация
|
| 675 |
|
|
|a 552.321.1
|v 3
|
| 675 |
|
|
|a 552.42
|v 3
|
| 702 |
|
1 |
|a Семененко
|b Н. П.
|4 340
|
| 712 |
0 |
2 |
|a Международный геологический конгресс
|d 21 сессия
|e Копенгаген
|f [1960]
|
| 801 |
|
1 |
|a RU
|b 63413507
|c 20120321
|
| 801 |
|
2 |
|a RU
|b 63413507
|c 20121205
|g RCR
|
| 942 |
|
|
|c BK
|